Online
Catalog

Comprensión de la macroeconomía / (Record no. 39309)

MARC details
000 -CABECERA
campo de control de longitud fija 00606nam a2200169 a 4500
001 - NÚMERO DE CONTROL
campo de control 000039819
005 - FECHA Y HORA DE LA ÚLTIMA TRANSACCIÓN
campo de control 20201002033743.0
008 - DATOS DE LONGITUD FIJA--INFORMACIÓN GENERAL
campo de control de longitud fija 130723s1966 mx d 000 0 spa d
040 ## - FUENTE DE LA CATALOGACIÓN
Centro catalogador/agencia de origen DO-SdBNP
Lengua de catalogación spa
Centro/agencia transcriptor BNPHU
082 ## - NÚMERO DE LA CLASIFICACIÓN DECIMAL DEWEY
Número de clasificación xxx
100 1# - ENTRADA PRINCIPAL--NOMBRE DE PERSONA
Nombre de persona Heilbroner, Robert L.
9 (RLIN) 47771
240 10 - TÍTULO UNIFORME
Título uniforme Understanting macroeconomics
Lenguaje de la obra español
245 10 - MENCIÓN DE TÍTULO
Título Comprensión de la macroeconomía /
Mención de responsabilidad, etc. Robert L. Heilbroner ; traducción Ruben Pimentel Rogerio.
260 ## - PUBLICACIÓN, DISTRIBUCIÓN, ETC.
Lugar de publicación, distribución, etc. México :
Nombre del editor, distribuidor, etc. Union tipografica editorial HispanoA mericana,
Fecha de publicación, distribución, etc. 1966.
300 ## - DESCRIPCIÓN FÍSICA
Extensión 228 p. :
Otras características físicas diagrs. ;
Dimensiones 23 cm.
700 1# - PUNTO DE ACCESO ADICIONAL--NOMBRE DE PERSONA
Nombre de persona Pimentel Rogerio, Ruben,
Término indicativo de función/relación tr.
9 (RLIN) 66013
Holdings
Estado de retiro Estado de pérdida Restricciones de uso No para préstamo Código de colección Localización permanente Ubicación/localización actual Ubicación en estantería Fecha de adquisición Número de inventario Total de préstamos Signatura topográfica completa Código de barras Fecha visto por última vez Precio válido a partir de Tipo de ítem Koha
      Excluido de préstamo Monografías: Libros y Folletos General General En catalogación 23.07.2013 LF1   xxx 39819-10 25.06.2020 25.06.2020 No se presta

Powered by Koha